Statistiques concernant 5 villes 1 pays #2

Cliquez ici pour prendre le quiz!

Statistiques générales

  • Ce quiz a été pris 173 fois
  • Le résultat moyen est 12 sur 20

Statistiques - réponses

Ville 1Ville 2Ville 3Ville 4Ville 5Réponse% Correct
InvernessBurnleyCrewePerthLeicesterRoyaume-Uni
83%
MorlaixMoulinsGienLavalSaverneFrance
82%
UppsalaKirunaLundMalmöNorrköpingSuède
80%
JeonjuPohangYeosuGwangjuBusanCorée du Sud
76%
CúcutaCarthagèneMedellínBucaramangaPopayánColombie
75%
FukuokaSapporoHakubaKanazawaSendaiJapon
73%
Punta CanaSaint-DomingueMocaJarabacoaDajabónRépublique Dominicaine
65%
ToamasinaAntananarivoAntsirabéTuléarManakaraMadagascar
64%
AveiroCoimbraFaroViseuNazaréPortugal
64%
GagnoaSoubréManSan PédroYamoussoukroCôte d’Ivoire
62%
LucquesPlaisanceBraLecceOroseiItalie
60%
KarakorumOulan-BatorHovdTesErdenetMongolie
60%
SöldenHallstattGrazWeizEhrwaldAutriche
56%
BandungSurabayaPaluMakassarMalangIndonésie
47%
AbhaSharurahAfifHafar Al-BatinDammamArabie Saoudite
46%
SedonaRochesterDestinSaint-LouisPageÉtats-Unis
44%
SibenikVinkovciPulaNovaljaRijekaCroatie
41%
Abou SimbelSohagSollumHurghadaVille du 6 octobreÉgypte
39%
BlajAradTimisoaraIasiBrasovRoumanie
35%
RatisbonneBayreuthIénaHusumCasselAllemagne
33%

Distribution des résultats

Percentile par nombre de réponses

% des personnes avec chaque résultat

Votre développement - résultats

Vous n’avez pas pris ce quiz